000 00204 a2200109 4500
020 _a9780545083782
041 _aspa
100 _aTedd Arnold
245 _aHola hombre mosca
942 _cBK
952 _71
999 _c21950
_d21950